Innovative teams : Unlock creative energy, generate new ideas, brainstorm effectively.

Don't have much time? Get up to speed fast on the most essential business skills with HBR's 20-Minute Manager series. Whether you need a crash course or a brief refresher, each book in the series is a concise, practical primer that will help you brush up on a key management topic. Advice y...

وصف كامل

محفوظ في:
التفاصيل البيبلوغرافية
التنسيق: كتاب
اللغة:Undetermined
منشور في: Boston Harvard Business Review Press 2015
الموضوعات:
الوسوم: إضافة وسم
لا توجد وسوم, كن أول من يضع وسما على هذه التسجيلة!
Thư viện lưu trữ: Trung tâm Học liệu Trường Đại học Cần Thơ
LEADER 01432nam a2200205Ia 4500
001 CTU_217415
008 210402s9999 xx 000 0 und d
020 |c 12.95 
082 |a 658.4022 
082 |b I.58 
245 0 |a Innovative teams : 
245 0 |b Unlock creative energy, generate new ideas, brainstorm effectively. 
260 |a Boston 
260 |b Harvard Business Review Press 
260 |c 2015 
520 |a Don't have much time? Get up to speed fast on the most essential business skills with HBR's 20-Minute Manager series. Whether you need a crash course or a brief refresher, each book in the series is a concise, practical primer that will help you brush up on a key management topic. Advice you can quickly read and apply, for ambitious professionals and aspiring executives—from the most trusted source in business. Also available as an ebook. It shows you how to:Create the right environment for inventive thinking, Build a diverse team, Generate a wide array of new ideas,Manage disagreements,Make sure your ideas actually get implemented 
650 |a Khả năng sáng tạo trong kinh doanh,Suy nghĩ sáng tạo,Sản phẩm mới,Tổ tại nơi làm việc,Creative thinking,New products,Teams in the workplace,Creative ability in business 
650 |x Sự quản lý,Management 
904 |i Trinh, Hiền, Tuyến 
980 |a Trung tâm Học liệu Trường Đại học Cần Thơ